An Introductorie for to Lerne to Read, To Pronounce, and to Speke French Trewly (Record no. 258323)
[ view plain ]
| 000 -LEADER | |
|---|---|
| fixed length control field | 00787cam a22002413a 4500 |
| 001 - CONTROL NUMBER | |
| control field | 29068 |
| 003 - CONTROL NUMBER IDENTIFIER | |
| control field | PGUSA |
| 005 - DATE AND TIME OF LATEST TRANSACTION | |
| control field | 20140828083629.0 |
| 008 - FIXED-LENGTH DATA ELEMENTS--GENERAL INFORMATION | |
| fixed length control field | 090608s2009||||xxu|||||s|||||000 | eng d |
| 040 ## - CATALOGING SOURCE | |
| Original cataloging agency | PGUSA |
| Language of cataloging | eng |
| 042 ## - AUTHENTICATION CODE | |
| Authentication code | dc |
| 050 #4 - LIBRARY OF CONGRESS CALL NUMBER | |
| Classification number | PC |
| 100 1# - MAIN ENTRY--PERSONAL NAME | |
| Personal name | Du Wés, Giles, |
| Dates associated with a name | -1535 |
| 245 13 - TITLE STATEMENT | |
| Title | An Introductorie for to Lerne to Read, To Pronounce, and to Speke French Trewly |
| Medium | [electronic resource] / |
| Statement of responsibility, etc | Giles Du Wés |
| 260 ## - PUBLICATION, DISTRIBUTION, ETC. (IMPRINT) | |
| Name of publisher, distributor, etc | Project Gutenberg, |
| Date of publication, distribution, etc | 2009 |
| 506 ## - RESTRICTIONS ON ACCESS NOTE | |
| Terms governing access | Public domain in the USA. |
| 516 ## - TYPE OF COMPUTER FILE OR DATA NOTE | |
| Type of computer file or data note | Electronic text |
| 653 ## - INDEX TERM--UNCONTROLLED | |
| Uncontrolled term | French language -- Textbooks for foreign speakers -- English |
| 653 ## - INDEX TERM--UNCONTROLLED | |
| Uncontrolled term | French language -- Grammar -- Early works to 1800 |
| 830 #0 - SERIES ADDED ENTRY--UNIFORM TITLE | |
| Uniform title | Project Gutenberg |
| Volume number/sequential designation | 29068 |
| 856 40 - ELECTRONIC LOCATION AND ACCESS | |
| Uniform Resource Identifier | <a href="http://www.gutenberg.org/ebooks/29068">http://www.gutenberg.org/ebooks/29068</a> |
| 942 ## - ADDED ENTRY ELEMENTS (KOHA) | |
| Koha item type | eBooks |
| Withdrawn status | Lost status | Damaged status | Home library | Current library | Date acquired | Total Checkouts | Date last seen | Price effective from | Koha item type |
|---|---|---|---|---|---|---|---|---|---|
| Project Gutenberg | Project Gutenberg | 08/28/2014 | 08/28/2014 | 08/28/2014 | eBooks |